| 000 | 00421nam a22001697a 4500 | ||
|---|---|---|---|
| 003 | NUST - PNEC | ||
| 005 | 20170116181136.0 | ||
| 008 | 151007b xxu||||| |||| 00| 0 eng d | ||
| 020 | _a8120404246 | ||
| 040 | _cLIBRARY | ||
| 082 | _a671.37 ARU | ||
| 245 |
_aPowder metallurgy : recent advances _cDr. V.S. Arunachalam |
||
| 250 | _a- | ||
| 260 | _c1989 | ||
| 650 |
_914326 _aPowder Metallurgy _xME |
||
| 942 |
_2ddc _cBK |
||
| 999 |
_c70256 _d70256 |
||